<?xml version="1.0" encoding="UTF-8"?><?xml-stylesheet type="text/xsl" href="static/style.xsl"?><OAI-PMH xmlns="http://www.openarchives.org/OAI/2.0/" xmlns:xsi="http://www.w3.org/2001/XMLSchema-instance" xsi:schemaLocation="http://www.openarchives.org/OAI/2.0/ http://www.openarchives.org/OAI/2.0/OAI-PMH.xsd"><responseDate>2026-04-14T08:11:19Z</responseDate><request verb="GetRecord" identifier="oai:www.recercat.cat:20.500.14342/5716" metadataPrefix="marc">https://recercat.cat/oai/request</request><GetRecord><record><header><identifier>oai:recercat.cat:20.500.14342/5716</identifier><datestamp>2026-01-08T19:42:01Z</datestamp><setSpec>com_2072_482405</setSpec><setSpec>com_2072_183628</setSpec><setSpec>col_2072_482411</setSpec></header><metadata><record xmlns="http://www.loc.gov/MARC21/slim" xmlns:dcterms="http://purl.org/dc/terms/" xmlns:xsi="http://www.w3.org/2001/XMLSchema-instance" xmlns:doc="http://www.lyncode.com/xoai" xsi:schemaLocation="http://www.loc.gov/MARC21/slim http://www.loc.gov/standards/marcxml/schema/MARC21slim.xsd">
   <leader>00925njm 22002777a 4500</leader>
   <datafield ind2=" " ind1=" " tag="042">
      <subfield code="a">dc</subfield>
   </datafield>
   <datafield ind2=" " ind1=" " tag="720">
      <subfield code="a">Blomart, Alain</subfield>
      <subfield code="e">author</subfield>
   </datafield>
   <datafield ind2=" " ind1=" " tag="260">
      <subfield code="c">2025</subfield>
   </datafield>
   <datafield ind2=" " ind1=" " tag="520">
      <subfield code="a">This study reviews each of the deities on Rome’s Tiber Island attested in the Republican and Imperial&#xd;
eras and summarizes the main literary, archaeological and epigraphic documentation. The aim is to&#xd;
examine, from an anthropological point of view, the location of the temples on Tiber Island, which&#xd;
was situated outside the pomerium – the sacred boundary of the Urbs. This means, firstly, identifying the&#xd;
symbolic functions of each divinity in the Roman imaginary and, secondly, showing that deities were&#xd;
honoured on the island as they were functionally linked to each other. We attempt to demonstrate that&#xd;
the divinities of the Tiberine Island (Aesculapius, Veiovis, Faunus, Bellona, Semo Sancus, etc.) have in&#xd;
&#xd;
common that they represent a form of periphery/alterity, given their contact with death, savagery, vio-&#xd;
lence, social marginality, and the uncivilized and pre-rational world. The characteristics and functions of&#xd;
&#xd;
these deities thus represented an anti-model of the Roman identity constituted by concepts such as life,&#xd;
the civilized and rational world, peace, and citizenship, all associated with the internal space of the city&#xd;
of Rome. This research is accompanied by a reflection on the duality of the gods of the margins, who&#xd;
could at the same time possess a temple in the center of the city.</subfield>
   </datafield>
   <datafield ind1="8" ind2=" " tag="024">
      <subfield code="a">978-88-5491-669-2</subfield>
   </datafield>
   <datafield ind1="8" ind2=" " tag="024">
      <subfield code="a">http://hdl.handle.net/20.500.14342/5716</subfield>
   </datafield>
   <datafield tag="653" ind2=" " ind1=" ">
      <subfield code="a">Identitat romana</subfield>
   </datafield>
   <datafield tag="653" ind2=" " ind1=" ">
      <subfield code="a">Temples romans</subfield>
   </datafield>
   <datafield tag="653" ind2=" " ind1=" ">
      <subfield code="a">Antropologia</subfield>
   </datafield>
   <datafield tag="653" ind2=" " ind1=" ">
      <subfield code="a">Història</subfield>
   </datafield>
   <datafield ind2="0" ind1="0" tag="245">
      <subfield code="a">L'Île Tibérine et ses cultes des marges en relation: anthropologie de l'espace et construction de l'identité romaine</subfield>
   </datafield>
</record></metadata></record></GetRecord></OAI-PMH>